000 02005nam a2200553 i 4500
001 55889
003 KOSZ 005
005 20210120103952.0
008 090928s2008 pl a f |001 0 pol
015 _aUWD 2009/25959
020 _a9788320434569
035 _a991050537589705066
035 _a(PL-WaBN)b24167423-48omnis_nlop
035 _ab24167423
035 _a(OCoLC)297750954
035 _a(PL)b0000002416742
035 _a(EXLNZ-48OMNIS_NETWORK)9910191621605606
040 _aWA N
_cWA N
_dKOSZ 005/HR
041 1 _apol
_heng
046 _k2005
080 _a615.9
100 1 _aTimbrell, John
_eAutor
245 1 0 _aParadoks trucizn :
_bsubstancje chemiczne przyjazne i wrogie /
_cJohn Timbrell ; z ang. przeł. Z. Witkiewicz, R. Łakomy, R. Kubica.
246 1 _iTyt. oryg.:
_aPoison paradox :
_bchemicals as friends and foes,
_f2005
260 _aWarszawa :
_bWydawnictwa Naukowo-Techniczne,
_c2008.
300 _aXV, [1], 335, [1] s. :
_bil. ;
_c24 cm.
336 _aTekst
_btxt
_2rdacontent
337 _aBez urządzenia pośredniczącego
_bn
_2rdamedia
338 _aWolumin
_bnc
_2rdacarrier
380 _aKsiążki
380 _aPublikacje naukowe
388 _a2001-
500 _aTyt. oryg.: The poison paradox : chemicals as friends and foes, 2005.
504 _aBibliogr. s. 316-323. Indeks.
650 7 _aToksykologia
_2DBN
650 7 _aTrucizny
_2DBN
650 7 _aSubstancje niebezpieczne i szkodliwe
650 7 _aKosmetyki
650 7 _aToksykologia żywności
658 _aMedycyna i zdrowie
658 _aChemia
700 1 _aKubica, Robert
_eTłumaczenie
700 1 _aŁakomy, Roman
_eTłumaczenie
700 1 _aWitkiewicz, Zygfryd
_d(1940- )
_eTłumaczenie
710 2 _aWydawnictwa Naukowo-Techniczne
_4pbl
856 _uhttp://koha.tu.koszalin.pl/cgi-bin/koha/opac-detail.pl?biblionumber=55889
_yKatalog online BPK
942 _2UKD
_cKS
999 _c55889
_d55889